Normas que rigen los concursos de pronósticos sobre los resultados de partidos de fútbol

Publicat: Madrid : (Gráficas Ruan), [1960?]
Descripció física: 31 p. ; 15 cm

MARC

LEADER 00000nam a2200000Ia 4500
001 14730
008 160829s9999 xx 000 0 cat d
080 |a FU-2-72 
110 2 |a Patronato de Apuestas Mutuas Deportivas Benéficas  |9 54552 
245 |a Normas que rigen los concursos de pronósticos sobre los resultados de partidos de fútbol 
260 |a Madrid :  |b (Gráficas Ruan), [1960?] 
300 |a 31 p. ;  |c 15 cm 
590 |a A l'última pàgina: Las presentes normas han sido aprobadas por el Consejo de Administración del Patronato de Apuestas Mutuas Deportivas Benéficas en la sesión celebrada el día 31 de mayo de 1960... 
650 |a Travesses  |x Normes  |x Espanya  |9 20230 
901 |a Arxiu 
942 |n 1 
952 |0 0  |1 0  |4 0  |6 FU272  |7 1  |9 41501  |a Arxiu  |b Arxiu  |d 2016-12-01  |l 0  |o FU-2-72  |p 14730  |r 2016-12-01 00:00:00  |w 2016-12-01  |y ARXIU 
999 |c 43309  |d 43309